The Trail of Tears - Quiz - Statistics

General Stats
  • This quiz has been taken 18 times
  • The average score is 15 of 20
Answer Stats
Question Answer % Correct
The Five Civilized Tribes who were forced to relocate Cherokee
94%
"Indian Territory" Modern State to which the tribes were deported Oklahoma
94%
Modern US States crossed by the displaced tribes Alabama
89%
Modern US States crossed by the displaced tribes Georgia
89%
Modern US States crossed by the displaced tribes Missouri
89%
Year in which this law was signed and the displacement started 1830
83%
US President who signed this act Andrew Jackson
83%
Modern US States crossed by the displaced tribes Arkansas
83%
Law authorizing the ethnic cleansing of Native Americansthrough their forced relocation Indian {Removal} Act
83%
Modern US States crossed by the displaced tribes Mississippi
83%
Modern US States crossed by the displaced tribes Tennessee
83%
Modern US States crossed by the displaced tribes Illinois
78%
Modern US States crossed by the displaced tribes Kentucky
78%
Modern US States crossed by the displaced tribes Florida
72%
Modern US States crossed by the displaced tribes North Carolina
72%
The Five Civilized Tribes who were forced to relocate Chickasaw
61%
The Five Civilized Tribes who were forced to relocate Choctaw
61%
The Five Civilized Tribes who were forced to relocate Creek (Muscogee)
56%
The Five Civilized Tribes who were forced to relocate Seminole
56%
Chief of tribe #1 who resisted the act, before being forced to conducthis tribe to the Indian Territory John Ross
11%
No matching quizzes found
Score Distribution
Percent of People with Each Score
Percentile by Number Answered
Your Score History
You have not taken this quiz